| 000 | 00403nam a2200157Ia 4500 | ||
|---|---|---|---|
| 008 | 230711s9999||||xx |||||||||||||| ||und|| | ||
| 041 | _aENG | ||
| 082 |
_a670.285 _bGR-C |
||
| 100 | _aGroover,M | ||
| 245 | 0 | _aCAD/CAM computer aided design and manufacturing | |
| 250 | _a1st . Ed. | ||
| 260 |
_c2003 _aNew Delhi _bPearson |
||
| 650 | _aMechanical Engineering | ||
| 700 | _aZimmers,Emory.W | ||
| 942 | _cBK | ||
| 999 |
_c4229 _d4229 |
||